[Event "Main Vogelsberg op 16th"]
[Site "Waechtersbach"]
[Date "2022.10.03"]
[Round "7"]
[White "Mueller, Mario"]
[Black "Hermann, Gerhard"]
[Result "0-1"]
[WhiteElo "1826"]
[BlackElo "1405"]
[PlyCount "114"]
[EventDate "2022.09.30"]
[EventType "swiss"]
[EventRounds "7"]
[EventCountry "GER"]
[SourceTitle "CBM 210 Extra"]
[Source "ChessBase"]
[SourceDate "2022.11.30"]
[SourceVersion "1"]
[SourceVersionDate "2022.11.30"]
[SourceQuality "1"]

1. c4 e5 2. g3 Nf6 3. Bg2 c6 4. Nc3 d5 5. cxd5 cxd5 6. e3 Be7 7. Qb3 e4 8. Nge2 Nc6 9. 0-0 0-0 10. Nf4 Na5 11. Qc2 g5 12. Nfxd5 Nxd5 13. Nxd5 Qxd5 14. Bxe4 Qe5 15. Bxh7+ Kh8 16. b3 Qg7 17. Bb2 f6 18. Bg6 Qh6 19. Qe4 Nc6 20. h4 gxh4 21. Qxh4 Qxh4 22. gxh4 Ne5 23. Bxe5 fxe5 24. h5 Bf5 25. f4 Bxg6 26. hxg6 exf4 27. Rxf4 Rxf4 28. exf4 Rf8 29. Rf1 Rf5 30. Kh2 Kg7 31. Kh3 Kxg6 32. Kg4 Rd5 33. f5+ Kf6 34. Rf2 Rd4+ 35. Kf3 Kxf5 36. Ke3+ Ke5 37. Rh2 Bg5+ 38. Kf3 Rxd2 39. Rxd2 Bxd2 40. Ke2 Bb4 41. Kd3 Kd5 42. a4 a5 43. Kc2 Ke4 44. Kb1 Kd3 45. Kb2 Kd2 46. Kb1 Kc3 47. Ka2 Kc2 48. Ka1 Kxb3 49. Kb1 Kxa4 50. Kb2 Be7 51. Ka2 b5 52. Kb2 Kb4 53. Ka2 Kc3 54. Ka1 Kc2 55. Ka2 b4 56. Ka1 Bf6+ 57. Ka2 b3+ 0-1